| 000 | 01018nam a2200337Ia 4500 | ||
|---|---|---|---|
| 008 | 160803s9999 xx 000 0 und d | ||
| 020 | _a9780061893889 (pbk.) | ||
| 100 | _aO'Connor, Jane | ||
| 245 | _aFancy Nancy : | ||
| 245 | _bthe dazzling book report / | ||
| 245 | _c by Jane O'Connor ; cover illustration by Robin Preiss Glasser ; interior illustrations by Ted Enik. | ||
| 260 | _aNew York : | ||
| 260 | _bScholastic Inc. | ||
| 260 | _c2009 | ||
| 300 | _a32 pages : | ||
| 300 | _bcolor illustrations ; | ||
| 300 | _c23 cm. | ||
| 440 | _aFancy Nancy. | ||
| 500 | _aOriginally published : New York : HarperCollins Children's Books, c2009. | ||
| 650 | _aFancy Nancy (Fictitious character) -- | ||
| 650 | _aHomework -- | ||
| 650 | _aPajamas -- | ||
| 650 | _aSchools -- | ||
| 650 | _aVocabulary -- | ||
| 650 | _xJuvenile fiction. | ||
| 650 | _xJuvenile fiction. | ||
| 650 | _xJuvenile fiction. | ||
| 650 | _xJuvenile fiction. | ||
| 650 | _xJuvenile fiction. | ||
| 700 | _a270 | ||
| 999 |
_c298889 _d298889 |
||